000 00578ntaaa2200193 4500
003 01
005 20251027203116.0
008 0714s1973 ag 01
040 _aAR-BaBN
_bspa
_cAR-BaBN
_eaacr
_dRIC
082 _a362.7340 F39p
100 _aFernandez, Sergio Omar
_932576
245 _aPastoral en la adopcion
250 _a1 ed.
260 _aBuenos Aires :
_bSITB,
_c1999
300 _a56 [57] p ;
_c30 cm
500 _aMonografia presentada en cumplimiento de los requisitos para la Licenciatura en Teologia al profesor Miguel Ekizian
650 _aAdopcion
942 _cBK
999 _c26515
_d26515